[Event "Montcalm op"]
[Site "Quebec CAN"]
[Date "2010.01.10"]
[Round "4"]
[White "Caire, Francois"]
[Black "Rousseau, Daniel"]
[Result "1-0"]
[WhiteElo "2238"]
[BlackElo "2183"]
[PlyCount "81"]
[EventDate "2010.01.08"]
[EventType "swiss"]
[EventRounds "5"]
[EventCountry "CAN"]

1. d4 Nf6 2. c4 g6 3. g3 Bg7 4. Bg2 O-O 5. Nc3 d6 6. Nf3 Nc6 7. O-O a6 8. Re1
Rb8 9. Rb1 Bf5 10. e4 Bg4 11. Be3 Re8 12. h3 Bxf3 13. Bxf3 e5 14. d5 Nd4 15. b4
c5 16. bxc5 dxc5 17. Bg2 Nd7 18. Qd3 Bf8 19. Rb2 Qc7 20. h4 Bg7 21. Reb1 Rf8
22. Bh3 f5 23. Ne2 f4 24. Nxd4 cxd4 25. Bd2 Nc5 26. Qe2 f3 27. Qd1 Nxe4 28. Bb4
Qxc4 29. Bxf8 Rxf8 30. Rxb7 Nc3 31. Qb3 Qxb3 32. R1xb3 e4 33. Re7 Bf6 34. Be6+
Kh8 35. Rd7 Nb5 36. a4 e3 37. Kf1 e2+ 38. Ke1 Bd8 39. Rxd8 Rxd8 40. axb5 axb5
41. Rxf3 1-0

[Event "Montcalm op"]
[Site "Quebec CAN"]
[Date "2010.01.10"]
[Round "4"]
[White "Masse, Hugues"]
[Black "Bolduc, Steve"]
[Result "1/2-1/2"]
[WhiteElo "2218"]
[BlackElo "2285"]
[PlyCount "34"]
[EventDate "2010.01.08"]
[EventType "swiss"]
[EventRounds "5"]
[EventCountry "CAN"]

1. d4 Nf6 2. c4 e6 3. Nc3 Bb4 4. Qc2 d5 5. cxd5 exd5 6. Bg5 h6 7. Bxf6 Qxf6 8.
a3 Bxc3+ 9. Qxc3 O-O 10. e3 Re8 11. Ne2 Nc6 12. Ng3 Qxd4 13. Qxd4 Nxd4 14.
O-O-O Nf5 15. Nxf5 Bxf5 16. Rxd5 Be6 17. Rd2 Red8 1/2-1/2

[Event "Montcalm op"]
[Site "Quebec CAN"]
[Date "2010.01.10"]
[Round "5"]
[White "Bolduc, Steve"]
[Black "Chiffot, Nicolas"]
[Result "1-0"]
[WhiteElo "2285"]
[BlackElo "2023"]
[PlyCount "35"]
[EventDate "2010.01.08"]
[EventType "swiss"]
[EventRounds "5"]
[EventCountry "CAN"]

1. d4 d5 2. Nf3 Nf6 3. c4 e6 4. g3 dxc4 5. Bg2 c5 6. O-O Nc6 7. Ne5 Nxe5 8.
dxe5 Qxd1 9. Rxd1 Nd5 10. Na3 c3 11. Nb5 a6 12. Nxc3 Nxc3 13. bxc3 Be7 14. Rb1
Rb8 15. Bc6+ Kf8 16. Be3 f6 17. Bxc5 fxe5 18. Rd8+ 1-0

[Event "Montcalm op"]
[Site "Quebec CAN"]
[Date "2010.01.10"]
[Round "5"]
[White "Caire, Francois"]
[Black "Masse, Hugues"]
[Result "0-1"]
[WhiteElo "2238"]
[BlackElo "2218"]
[PlyCount "112"]
[EventDate "2010.01.08"]
[EventType "swiss"]
[EventRounds "5"]
[EventCountry "CAN"]

1. d4 Nf6 2. c4 g6 3. g3 Bg7 4. Bg2 O-O 5. Nc3 d6 6. Nf3 Nbd7 7. O-O e5 8. e4
a6 9. h3 b5 10. dxe5 dxe5 11. cxb5 axb5 12. Bg5 h6 13. Bxf6 Bxf6 14. Qc1 Kg7
15. Nxb5 Ba6 16. Qc6 Bxb5 17. Qxb5 Rb8 18. Qe2 Nc5 19. Rfd1 Qe7 20. b3 Rb4 21.
Ne1 Ne6 22. Nc2 Rb7 23. Qc4 h5 24. h4 Ra8 25. Ne3 Qc5 26. Qxc5 Nxc5 27. Nc2
Rba7 28. b4 Ne6 29. a3 Be7 30. Bh3 Nd4 31. Nxd4 exd4 32. Rxd4 Bf6 33. Rad1 Bxd4
34. Rxd4 Rxa3 35. Rd7 R8a7 36. b5 Kf6 37. e5+ Kxe5 38. Rxf7 c5 39. Rf8 Rb3 40.
Re8+ Kd4 41. Bf1 Rc7 42. Rd8+ Ke5 43. Re8+ Kd4 44. Rd8+ Ke5 45. Re8+ Kf6 46.
Rf8+ Kg7 47. Rf4 Rb4 48. Bc4 Re7 49. Kg2 Kh6 50. Kf3 Re5 51. Kg2 Re1 52. Kf3
Rc1 53. Be2 Rc3+ 54. Kg2 Rxf4 55. gxf4 Rb3 56. Bf1 Kg7 0-1

[Event "Montcalm op"]
[Site "Quebec CAN"]
[Date "2010.01.10"]
[Round "5"]
[White "Dube, Daniel"]
[Black "Rousseau, Daniel"]
[Result "0-1"]
[WhiteElo "1835"]
[BlackElo "2183"]
[PlyCount "78"]
[EventDate "2010.01.08"]
[EventType "swiss"]
[EventRounds "5"]
[EventCountry "CAN"]

1. c4 e5 2. Nc3 Nf6 3. g3 Nc6 4. Bg2 Bc5 5. d3 d6 6. Nf3 h6 7. O-O a6 8. a3 O-O
9. b4 Ba7 10. Bb2 Re8 11. Nd2 Rb8 12. Nb3 Bg4 13. Qd2 Qd7 14. e3 Be6 15. Nd5
Bxd5 16. cxd5 Ne7 17. e4 c6 18. d4 exd4 19. Nxd4 cxd5 20. exd5 Ng6 21. Rfe1 Ne5
22. Rac1 Rbc8 23. Rxc8 Rxc8 24. Rc1 Rxc1+ 25. Qxc1 Nd3 26. Qd2 Nxb2 27. Qxb2
Qg4 28. Ne2 Qc4 29. Nf4 Ng4 30. Nh3 Ne5 31. Qd2 Qb3 32. Qc1 Nc4 33. Bf1 b5 34.
a4 Qxb4 35. axb5 axb5 36. Qa1 Qc5 37. Qa6 g6 38. Qc6 Kg7 39. Nf4 Qxf2+ 0-1

[Event "Montcalm-ch 2009-10"]
[Site "Quebec CAN"]
[Date "2010.04.29"]
[Round "1"]
[White "Bergeron, Marc"]
[Black "Caire, Francois"]
[Result "0-1"]
[WhiteElo "2027"]
[BlackElo "2176"]
[PlyCount "44"]
[EventDate "2010.04.29"]
[EventType "tourn"]
[EventRounds "5"]
[EventCountry "CAN"]

1. e4 e5 2. Nf3 Nc6 3. d4 exd4 4. Nxd4 Bc5 5. Nxc6 Qf6 6. Qd2 Qxc6 7. Bd3 Ne7
8. O-O O-O 9. b4 Bd4 10. c3 Bb6 11. a4 a6 12. Bb2 d6 13. c4 Be6 14. Qc3 f6 15.
Nd2 Ng6 16. b5 Qc5 17. e5 Qxe5 18. Bxg6 hxg6 19. Rae1 Qxc3 20. Bxc3 a5 21. Ne4
Bxc4 22. Nc5 Bxf1 0-1

[Event "Montcalm-ch 2009-10"]
[Site "Quebec CAN"]
[Date "2010.04.29"]
[Round "1"]
[White "Sauve, Richard"]
[Black "Caron, Sebastien"]
[Result "1/2-1/2"]
[WhiteElo "1985"]
[BlackElo "2004"]
[PlyCount "122"]
[EventDate "2010.04.29"]
[EventType "tourn"]
[EventRounds "5"]
[EventCountry "CAN"]

1. d4 Nf6 2. c4 g6 3. Nc3 Bg7 4. e4 d6 5. f3 O-O 6. Be3 e5 7. d5 Ne8 8. Qd2 f5
9. exf5 gxf5 10. O-O-O a6 11. Nh3 f4 12. Bf2 Bxh3 13. gxh3 Nd7 14. Ne4 Bf6 15.
Rg1+ Kh8 16. h4 Ng7 17. Bh3 Qe7 18. Rg4 Rg8 19. Rdg1 b6 20. h5 Nxh5 21. Qb4 Rg7
22. Qa4 Nc5 23. Bxc5 dxc5 24. Qc6 Rag8 25. Rxg7 Rxg7 26. Rxg7 Bxg7 27. d6 cxd6
28. Qxb6 Bf8 29. Qxa6 Qh4 30. Qc8 Qe1+ 31. Kc2 Qe2+ 32. Nd2 Kg7 33. Qg4+ Kh6
34. Qg8 Bg7 35. Qe6+ Nf6 36. Qxd6 Qxh2 37. Bf1 Qf2 38. Qxe5 Nh5 39. Qd6+ Bf6
40. Bd3 Qd4 41. Qxd4 Bxd4 42. a4 Nf6 43. a5 Nd7 44. a6 Nb6 45. a7 Kg7 46. Be4
h5 47. a8=Q Nxa8 48. Bxa8 h4 49. Nf1 h3 50. b3 Bg1 51. Kd3 h2 52. Nxh2 Bxh2 53.
b4 cxb4 54. c5 Kf7 55. Kc4 Ke7 56. Kxb4 Kd7 57. Bd5 Kc7 58. Kc4 Bg1 59. Be4 Be3
60. Kd5 Bf2 61. c6 Be3 1/2-1/2

[Event "Montcalm-ch 2009-10"]
[Site "Quebec CAN"]
[Date "2010.05.06"]
[Round "2"]
[White "Caire, Francois"]
[Black "Sauve, Richard"]
[Result "1-0"]
[WhiteElo "2176"]
[BlackElo "1985"]
[PlyCount "63"]
[EventDate "2010.04.29"]
[EventType "tourn"]
[EventRounds "5"]
[EventCountry "CAN"]

1. f4 Nf6 2. Nf3 g6 3. b3 Bg7 4. Bb2 O-O 5. e3 d6 6. Be2 Nc6 7. Nc3 e5 8. fxe5
dxe5 9. e4 Nd4 10. O-O Nxe2+ 11. Qxe2 Qe7 12. a4 Qc5+ 13. Kh1 Re8 14. Qb5 Qd6
15. Ba3 Qd8 16. Qe2 c6 17. Bc5 b6 18. Be3 Bb7 19. d3 Qd7 20. a5 c5 21. Nd2 Bc6
22. Nc4 Qc7 23. Bg5 Nd7 24. Ne3 f6 25. Ncd5 Bxd5 26. Nxd5 Qd6 27. Bh4 b5 28.
Rf2 f5 29. c4 bxc4 30. dxc4 f4 31. Rd1 g5 32. Bxg5 1-0

[Event "Montcalm-ch 2009-10"]
[Site "Quebec CAN"]
[Date "2010.05.06"]
[Round "2"]
[White "Chiffot, Nicolas"]
[Black "Bergeron, Marc"]
[Result "0-1"]
[WhiteElo "2080"]
[BlackElo "2027"]
[PlyCount "54"]
[EventDate "2010.04.29"]
[EventType "tourn"]
[EventRounds "5"]
[EventCountry "CAN"]

1. e4 Nc6 2. Nf3 d6 3. Bc4 Nf6 4. d3 Bg4 5. Nbd2 e6 6. h3 Bxf3 7. Nxf3 Be7 8.
c3 d5 9. exd5 exd5 10. Bb5 O-O 11. Bxc6 bxc6 12. O-O c5 13. Re1 h6 14. Qa4 Bd6
15. Be3 Qd7 16. Qh4 Qf5 17. Rad1 Kh7 18. Qa4 g5 19. Qc2 Rg8 20. Rd2 g4 21. Nh4
Qh5 22. g3 gxh3 23. d4+ Ne4 24. Kh2 Qxh4 25. dxc5 Bxg3+ 26. fxg3 Qxg3+ 27. Kh1
Qxe1+ 0-1

[Event "Montcalm-ch 2009-10"]
[Site "Quebec CAN"]
[Date "2010.05.13"]
[Round "3"]
[White "Bergeron, Marc"]
[Black "Gras, Guillaume"]
[Result "1/2-1/2"]
[WhiteElo "2027"]
[BlackElo "2090"]
[PlyCount "65"]
[EventDate "2010.04.29"]
[EventType "tourn"]
[EventRounds "5"]
[EventCountry "CAN"]

1. e4 Nf6 2. e5 Nd5 3. c4 Nb6 4. d4 d6 5. exd6 cxd6 6. Bd3 g6 7. Ne2 Bg7 8.
Nbc3 O-O 9. O-O Nc6 10. d5 Ne5 11. b3 Nxd3 12. Qxd3 e6 13. dxe6 Bxe6 14. Ba3
Re8 15. Rad1 d5 16. cxd5 Nxd5 17. Qf3 Nxc3 18. Rxd8 Nxe2+ 19. Qxe2 Raxd8 20.
Rd1 Bf6 21. Rxd8 Rxd8 22. h3 Rd5 23. f4 h5 24. Kh2 a6 25. Bb2 Bxb2 26. Qxb2 Rf5
27. Qc1 Rd5 28. b4 Rd4 29. a3 Rd7 30. Qc3 Rd5 31. a4 Bd7 32. Kg1 Bc6 33. g4
1/2-1/2

[Event "Montcalm-ch 2009-10"]
[Site "Quebec CAN"]
[Date "2010.05.13"]
[Round "3"]
[White "Caron, Sebastien"]
[Black "Caire, Francois"]
[Result "0-1"]
[WhiteElo "2004"]
[BlackElo "2176"]
[PlyCount "140"]
[EventDate "2010.04.29"]
[EventType "tourn"]
[EventRounds "5"]
[EventCountry "CAN"]

1. e4 c5 2. Nc3 Nc6 3. f4 g6 4. Nf3 Bg7 5. Bc4 e6 6. O-O Nge7 7. Qe1 O-O 8. d3
d5 9. Bb3 Na5 10. Bd2 Nxb3 11. axb3 a6 12. Nd1 b5 13. Qh4 Nc6 14. Qxd8 Rxd8 15.
e5 Bb7 16. Nf2 a5 17. Ng4 h5 18. Nf2 Ra6 19. c3 Bf8 20. d4 Rda8 21. g4 hxg4 22.
Nxg4 a4 23. Nf6+ Kg7 24. bxa4 c4 25. Ng5 Be7 26. Ng4 Rxa4 27. Rab1 Na5 28. Rf3
Nb3 29. Be3 Rh8 30. Rh3 Rxh3 31. Nxh3 b4 32. Ngf2 bxc3 33. bxc3 Bc6 34. Ng5 Ra2
35. Nf3 Bd8 36. Nd1 Ba5 37. Bf2 Ba4 38. Be1 Rc2 39. Nb2 Bc6 40. Nd1 Rc1 41.
Rxc1 Nxc1 42. Kf1 Ba4 43. Nb2 Bb3 44. Ng1 Bc2 45. Bd2 Nb3 46. Ke2 Bf5 47. Ke3
Bg4 48. Na4 Kh6 49. Ne2 Kh5 50. Nc1 Kh4 51. Nc5 Nxc1 52. Bxc1 Bxc3 53. Nb7 Kh3
54. Nd6 Kxh2 55. Nxf7 Kg2 56. Nd6 Kf1 57. Nb5 Be1 58. Ba3 Kg2 59. Bb2 Bf2+ 60.
Kd2 Kf3 61. Nd6 Kxf4 62. Ne8 Be3+ 63. Kc3 g5 64. Nf6 Bf5 65. Nh5+ Kf3 66. Ng7
g4 67. Nxf5 exf5 68. e6 Bg5 69. Bc1 Be7 70. Kc2 g3 0-1

[Event "Montcalm-ch 2009-10"]
[Site "Quebec CAN"]
[Date "2010.05.13"]
[Round "3"]
[White "Sauve, Richard"]
[Black "Chiffot, Nicolas"]
[Result "0-1"]
[WhiteElo "1985"]
[BlackElo "2080"]
[PlyCount "88"]
[EventDate "2010.04.29"]
[EventType "tourn"]
[EventRounds "5"]
[EventCountry "CAN"]

1. d4 Nf6 2. c4 g6 3. Nc3 d5 4. cxd5 Nxd5 5. e4 Nxc3 6. bxc3 Bg7 7. Bd3 c5 8.
Ne2 Qa5 9. O-O O-O 10. Be3 Nc6 11. Rb1 b6 12. Rb5 Qxa2 13. dxc5 Ba6 14. Rb1
Bxd3 15. Qxd3 Ne5 16. Qb5 a6 17. Qb2 Qxb2 18. Rxb2 Nc4 19. Rxb6 Nxb6 20. cxb6
Rfb8 21. c4 Rb7 22. c5 Rc8 23. Rd1 Bb2 24. Nf4 e5 25. Nd5 a5 26. Bh6 Bd4 27.
Nf6+ Kh8 28. Be3 Rxc5 29. Bxd4 exd4 30. Nd5 a4 31. Kf1 f5 32. f3 fxe4 33. fxe4
Rc2 34. Rxd4 a3 35. Rd1 Rf7+ 36. Ke1 Rff2 37. Ra1 Rxg2 38. Kf1 Rxh2 39. Kg1
Rcg2+ 40. Kf1 Rb2 41. Kg1 a2 42. b7 Rhc2 43. Ne3 Rb1+ 44. Nf1 Rxb7 0-1

[Event "Montcalm-ch 2009-10"]
[Site "Quebec CAN"]
[Date "2010.05.20"]
[Round "4"]
[White "Bergeron, Marc"]
[Black "Sauve, Richard"]
[Result "1-0"]
[WhiteElo "2027"]
[BlackElo "1985"]
[PlyCount "99"]
[EventDate "2010.04.29"]
[EventType "tourn"]
[EventRounds "5"]
[EventCountry "CAN"]

1. e4 e6 2. d4 d5 3. Nc3 Nf6 4. e5 Nfd7 5. Nf3 c5 6. dxc5 Nc6 7. Bf4 Bxc5 8.
Bd3 f6 9. exf6 Qxf6 10. Bg5 Qf7 11. Qe2 O-O 12. O-O-O Nf6 13. Bd2 Bd7 14. Ng5
Qe7 15. f3 a6 16. Rde1 Rae8 17. h4 Nb4 18. g4 b5 19. f4 Nxd3+ 20. Qxd3 Qd6 21.
Re5 Qb6 22. Nd1 Bd4 23. Be3 Bxe3+ 24. Nxe3 Qa5 25. Kb1 Qb4 26. Rf1 Qd6 27. h5
Rc8 28. Rh1 b4 29. h6 g6 30. Qd4 Rfe8 31. Nxh7 Kxh7 32. g5 Qc5 33. Qxc5 Rxc5
34. gxf6 Rf8 35. Ng4 Rc4 36. Rf1 Bc8 37. b3 Rc3 38. Kc1 Rh3 39. Rf2 Rh1+ 40.
Kb2 a5 41. c3 bxc3+ 42. Kxc3 Rc1+ 43. Kb2 Rc7 44. Rc2 Rff7 45. Ree2 Rxc2+ 46.
Rxc2 Ba6 47. Kc3 Bf1 48. Rh2 Kg8 49. Kd4 Rc7 50. Ne5 1-0

[Event "Montcalm-ch 2009-10"]
[Site "Quebec CAN"]
[Date "2010.05.20"]
[Round "4"]
[White "Gras, Guillaume"]
[Black "Caire, Francois"]
[Result "1/2-1/2"]
[WhiteElo "2090"]
[BlackElo "2176"]
[PlyCount "48"]
[EventDate "2010.04.29"]
[EventType "tourn"]
[EventRounds "5"]
[EventCountry "CAN"]

1. c4 b6 2. Nc3 Bb7 3. e4 e6 4. d4 Bb4 5. d5 Qh4 6. Bd3 f5 7. Nf3 Qg4 8. exf5
exd5 9. Qe2+ Ne7 10. h3 Qh5 11. g4 Qf7 12. Ne5 Qf8 13. O-O Bxc3 14. bxc3 d6 15.
cxd5 dxe5 16. Qxe5 Qf7 17. Re1 O-O 18. Qxe7 Bxd5 19. c4 Bxc4 20. Bxc4 Qxc4 21.
f6 Qf7 22. fxg7 Qxf2+ 23. Kh1 Qf3+ 24. Kh2 Qf2+ 1/2-1/2

[Event "Montcalm-ch 2009-10"]
[Site "Quebec CAN"]
[Date "2010.05.27"]
[Round "5"]
[White "Sauve, Richard"]
[Black "Gras, Guillaume"]
[Result "0-1"]
[WhiteElo "1985"]
[BlackElo "2090"]
[PlyCount "56"]
[EventDate "2010.04.29"]
[EventType "tourn"]
[EventRounds "5"]
[EventCountry "CAN"]

1. d4 d5 2. c4 c6 3. e3 e6 4. Nc3 f5 5. Nf3 Nf6 6. g3 Bd6 7. b3 O-O 8. Bg2 Ne4
9. Nxe4 fxe4 10. Nd2 Nd7 11. O-O e5 12. Bb2 Qg5 13. Qe2 exd4 14. exd4 Qh6 15.
Qe3 Qxe3 16. fxe3 Nf6 17. cxd5 cxd5 18. Rac1 Bd7 19. Rf2 a5 20. a4 b5 21. axb5
Rfb8 22. Nf1 Rxb5 23. Rc3 Rab8 24. Nd2 Bb4 25. Rc7 Bxd2 26. Rxd2 Rxb3 27. Bc3
Rb1+ 28. Kf2 Ng4+ 0-1

[Event "Montmagny op"]
[Site "Montmagny CAN"]
[Date "2010.11.05"]
[Round "1"]
[White "Bolduc, Steve"]
[Black "Cournoyer, Dominic"]
[Result "1-0"]
[WhiteElo "2315"]
[BlackElo "1969"]
[PlyCount "73"]
[EventDate "2010.11.05"]
[EventType "swiss"]
[EventRounds "5"]
[EventCountry "CAN"]

1. e4 d5 2. exd5 Nf6 3. c4 c6 4. d4 cxd5 5. Nc3 g6 6. cxd5 Nxd5 7. Bc4 Nxc3 8.
bxc3 Bg7 9. Ne2 O-O 10. O-O Nc6 11. a4 e5 12. Ba3 Re8 13. d5 Ne7 14. Qb3 Nf5
15. d6 Be6 16. Rfd1 Bxc4 17. Qxc4 Qd7 18. Rab1 Red8 19. Ng3 Rac8 20. Qd5 Nxg3
21. hxg3 b6 22. a5 Rxc3 23. Bb4 Rc6 24. axb6 Rxb6 25. Bc5 Rbb8 26. Ra1 Rb7 27.
Rab1 Rbb8 28. g4 Rdc8 29. g5 a5 30. Ba3 a4 31. Rdc1 Rxc1+ 32. Rxc1 Rb7 33. Rc7
Rb1+ 34. Kh2 Qf5 35. d7 Qf4+ 36. g3 Qxf2+ 37. Qg2 1-0

[Event "Montmagny op"]
[Site "Montmagny CAN"]
[Date "2010.11.06"]
[Round "1"]
[White "Villeneuve, Robert"]
[Black "Drolet, Stephane"]
[Result "1-0"]
[WhiteElo "1899"]
[BlackElo "2100"]
[PlyCount "30"]
[EventDate "2010.11.05"]
[EventType "swiss"]
[EventRounds "5"]
[EventCountry "CAN"]

1. e4 c6 2. d4 g6 3. Nc3 Bg7 4. Bc4 e6 5. e5 d5 6. exd6 Qxd6 7. Ne4 Qd8 8. Bf4
Nf6 9. Nxf6+ Bxf6 10. Nf3 g5 11. Be5 Nd7 12. Bxf6 Qxf6 13. Qe2 Nb6 14. Ne5 Bd7
15. c3 O-O-O 1-0

[Event "Montmagny op"]
[Site "Montmagny CAN"]
[Date "2010.11.06"]
[Round "2"]
[White "Caire, Francois"]
[Black "Bolduc, Steve"]
[Result "1-0"]
[WhiteElo "2212"]
[BlackElo "2315"]
[PlyCount "72"]
[EventDate "2010.11.05"]
[EventType "swiss"]
[EventRounds "5"]
[EventCountry "CAN"]

1. Nf3 Nf6 2. c4 c5 3. g3 b6 4. Bg2 Bb7 5. O-O e6 6. Nc3 d6 7. b3 Nbd7 8. Bb2
Be7 9. e3 O-O 10. Qe2 Qc7 11. Rac1 Rad8 12. d4 Ne4 13. Nxe4 Bxe4 14. Rfd1 Nf6
15. Nd2 Bxg2 16. Kxg2 Rfe8 17. Qf3 Qc8 18. Nb1 Qa6 19. Nc3 cxd4 20. Rxd4 Nd7
21. Rcd1 Ne5 22. Qe2 Qb7+ 23. e4 f5 24. f4 Nf7 25. Qf3 Bf6 26. R4d2 Bxc3 27.
Qxc3 Qxe4+ 28. Kf2 e5 29. Rd5 Ng5 30. fxg5 f4 31. Qf3 fxg3+ 32. Kxg3 Qg6 33.
Qg4 Rf8 34. Bxe5 Rde8 35. Rxd6 Qf7 36. Bd4 Re7 1-0

[Event "Montmagny op"]
[Site "Montmagny CAN"]
[Date "2010.11.06"]
[Round "2"]
[White "Fournier, Michael"]
[Black "Lalonde, Jean-Louis"]
[Result "1-0"]
[WhiteElo "1967"]
[BlackElo "1762"]
[PlyCount "59"]
[EventDate "2010.11.05"]
[EventType "swiss"]
[EventRounds "5"]
[EventCountry "CAN"]

1. e4 c5 2. Nc3 Nc6 3. f4 e6 4. Nf3 d6 5. Bb5 Bd7 6. O-O Nf6 7. d3 Be7 8. e5
dxe5 9. fxe5 Nd5 10. Ne4 a6 11. Bxc6 Bxc6 12. Nfg5 Nb4 13. Qf3 Qd4+ 14. Be3
Qxe5 15. Qxf7+ Kd7 16. Bxc5 Nd5 17. d4 Rhf8 18. dxe5 Rxf7 19. Rxf7 h6 20. Bxe7
Nxe7 21. Rd1+ Bd5 22. Nf3 Kc6 23. Rxe7 Bxe4 24. Rd6+ Kc5 25. Rc7+ Bc6 26. Nd4
Kb6 27. Rxg7 Rf8 28. c4 Rf4 29. c5+ Ka5 30. Nxc6+ 1-0

[Event "Montmagny op"]
[Site "Montmagny CAN"]
[Date "2010.11.06"]
[Round "2"]
[White "Schommer, Philippe"]
[Black "Giroux, Robert"]
[Result "1-0"]
[WhiteElo "1843"]
[BlackElo "2018"]
[PlyCount "61"]
[EventDate "2010.11.05"]
[EventType "swiss"]
[EventRounds "5"]
[EventCountry "CAN"]

1. e4 e5 2. Nf3 Nc6 3. Bb5 f5 4. d3 Nf6 5. O-O Bc5 6. Bg5 O-O 7. Nc3 d6 8. Nd5
Ne7 9. Nxf6+ gxf6 10. Bh6 c6 11. Bxf8 Qxf8 12. Bc4+ Kh8 13. d4 Bb6 14. dxe5
dxe5 15. exf5 Nxf5 16. Qe2 Nd4 17. Nxd4 Bxd4 18. c3 Bb6 19. Kh1 Qg7 20. a4 a5
21. Rad1 Bg4 22. f3 Bf5 23. g4 Bd7 24. Rd2 Re8 25. Rfd1 Bc8 26. Qe4 Rf8 27. Rg2
Bc7 28. Qe3 b6 29. h4 Bd7 30. h5 h6 31. Rxd7 1-0

[Event "Montmagny op"]
[Site "Montmagny CAN"]
[Date "2010.11.06"]
[Round "3"]
[White "Bolduc, Steve"]
[Black "Fournier, Michael"]
[Result "1-0"]
[WhiteElo "2315"]
[BlackElo "1967"]
[PlyCount "37"]
[EventDate "2010.11.05"]
[EventType "swiss"]
[EventRounds "5"]
[EventCountry "CAN"]

1. d4 Nf6 2. Nf3 e6 3. Bf4 b6 4. e3 Bb7 5. Bd3 Nd5 6. Bg3 f5 7. e4 Ne7 8. Nbd2
fxe4 9. Nxe4 Nbc6 10. c3 Nf5 11. Bf4 Be7 12. Qd2 d6 13. O-O-O Qd7 14. Neg5 Bxg5
15. Bxg5 O-O 16. h4 e5 17. dxe5 Nxe5 18. Nxe5 dxe5 19. Bc4+ 1-0

[Event "Montmagny op"]
[Site "Montmagny CAN"]
[Date "2010.11.06"]
[Round "3"]
[White "Giroux, Robert"]
[Black "Trottier, Emile"]
[Result "1-0"]
[WhiteElo "2014"]
[BlackElo "1962"]
[PlyCount "99"]
[EventDate "2010.11.05"]
[EventType "swiss"]
[EventRounds "5"]
[EventCountry "CAN"]

1. d4 e6 2. Nf3 f5 3. g3 Nf6 4. Bg2 d5 5. O-O c6 6. c4 Bd6 7. Nc3 O-O 8. Qc2
Nbd7 9. cxd5 cxd5 10. Bf4 Bxf4 11. gxf4 b6 12. Rfc1 Ne4 13. Nb5 Ba6 14. Qa4
Bxb5 15. Qxb5 Rc8 16. Qa6 Ndf6 17. h3 Rxc1+ 18. Rxc1 Qe7 19. a3 Nd6 20. Ne5
Nfe4 21. e3 Nf7 22. Nc6 Qh4 23. Rc2 g5 24. Qxa7 gxf4 25. exf4 Qxf4 26. Qe7 Nfg5
27. Nd8 Qh4 28. Kf1 Qh5 29. Re2 Re8 30. Qd7 Nf6 31. Qd6 Nge4 32. Qc7 Qg5 33.
Qf7+ Kh8 34. Qxe8+ Nxe8 35. Nf7+ Kg7 36. Nxg5 Nxg5 37. Bxd5 exd5 38. Rxe8 Nxh3
39. Rb8 Nf4 40. Rxb6 h5 41. a4 h4 42. a5 h3 43. Kg1 Ne2+ 44. Kh2 Nxd4 45. a6
Nf3+ 46. Kxh3 d4 47. a7 d3 48. a8=Q Ng5+ 49. Kh4 d2 50. Kxg5 1-0

[Event "Montmagny op"]
[Site "Montmagny CAN"]
[Date "2010.11.07"]
[Round "4"]
[White "Cournoyer, Dominic"]
[Black "Fournier, Michael"]
[Result "1/2-1/2"]
[WhiteElo "1996"]
[BlackElo "1967"]
[PlyCount "65"]
[EventDate "2010.11.05"]
[EventType "swiss"]
[EventRounds "5"]
[EventCountry "CAN"]

1. c4 Nc6 2. Nc3 Nf6 3. Nf3 d5 4. cxd5 Nxd5 5. g3 e5 6. Bg2 Bc5 7. O-O Nxc3 8.
dxc3 Qxd1 9. Rxd1 O-O 10. b3 Be6 11. Bb2 Rad8 12. c4 f6 13. e3 Rxd1+ 14. Rxd1
Rd8 15. Rxd8+ Nxd8 16. Nd2 Be7 17. Kf1 c6 18. Ke2 Nf7 19. f4 exf4 20. exf4 Nd6
21. Bd4 a6 22. Ne4 Nxe4 23. Bxe4 f5 24. Bf3 Kf7 25. Kd3 g6 26. Kc3 Ke8 27. b4
Kd7 28. a4 Bd8 29. b5 Ba5+ 30. Kd3 axb5 31. axb5 cxb5 32. cxb5 Kc7 33. Bg2
1/2-1/2

[Event "Montmagny op"]
[Site "Montmagny CAN"]
[Date "2010.11.07"]
[Round "4"]
[White "Forget, Luc"]
[Black "Drolet, Stephane"]
[Result "0-1"]
[WhiteElo "2021"]
[BlackElo "2134"]
[PlyCount "88"]
[EventDate "2010.11.05"]
[EventType "swiss"]
[EventRounds "5"]
[EventCountry "CAN"]

1. d4 d5 2. c4 c6 3. Nf3 Nf6 4. Nc3 a6 5. c5 Nbd7 6. Bf4 Nh5 7. Bg5 h6 8. Bd2
Qc7 9. e3 Nhf6 10. Be2 e5 11. O-O Be7 12. b4 e4 13. Ne1 O-O 14. f4 exf3 15.
Bxf3 Re8 16. Nd3 Bf8 17. Qb3 g6 18. e4 Bg7 19. e5 Nh7 20. Nxd5 cxd5 21. Bxd5
Re7 22. Rxf7 Rxf7 23. Bxf7+ Kh8 24. Bxg6 Ndf8 25. Bf7 Bf5 26. Nf4 Ng5 27. Bc4
Ne4 28. Be3 Rd8 29. Ne6 Nxe6 30. Bxe6 Bg6 31. Rf1 Ng5 32. Bc4 Be4 33. a4 Qe7
34. e6 Rg8 35. Rf2 Be5 36. Kf1 Bxh2 37. d5 Qg7 38. Qb2 Be5 39. Qc1 Bg3 40. Qb2
Be5 41. Qd2 Bc3 42. Qd1 Nxe6 43. dxe6 Bxg2+ 44. Ke2 Qg4+ 0-1

[Event "Montmagny op"]
[Site "Montmagny CAN"]
[Date "2010.11.07"]
[Round "4"]
[White "Giroux, Robert"]
[Black "Auger, Bertrand"]
[Result "1/2-1/2"]
[WhiteElo "2014"]
[BlackElo "1996"]
[PlyCount "130"]
[EventDate "2010.11.05"]
[EventType "swiss"]
[EventRounds "5"]
[EventCountry "CAN"]

1. d4 e6 2. c4 Nf6 3. g3 d5 4. Nf3 Be7 5. Bg2 O-O 6. O-O dxc4 7. Qc2 c5 8. dxc5
Bxc5 9. Qxc4 Qe7 10. Bg5 Nc6 11. Bxf6 gxf6 12. Nc3 Bd7 13. Qh4 f5 14. Qxe7 Bxe7
15. e4 fxe4 16. Nxe4 f5 17. Nc3 Bf6 18. Rfd1 Rad8 19. Rac1 Bc8 20. Bf1 a6 21.
Rxd8 Rxd8 22. Rd1 Nd4 23. Nxd4 Bxd4 24. Bc4 b5 25. Bb3 Bb6 26. Ne2 Rxd1+ 27.
Bxd1 a5 28. Kf1 e5 29. Bb3+ Kg7 30. Bd5 Bd7 31. b3 b4 32. Bc4 Bc6 33. Nc1 e4
34. Ke2 Kf6 35. Ke1 Ke5 36. Kf1 f4 37. gxf4+ Kxf4 38. Ne2+ Kg5 39. Bg8 h5 40.
Be6 h4 41. h3 Kf6 42. Bc4 Ke5 43. Ng1 Bd7 44. Ke1 Bf5 45. Ke2 Bg6 46. Kf1 Bh5
47. Ne2 Bf3 48. Bb5 e3 49. fxe3 Bxe3 50. Bd3 Bd5 51. Bc2 Be4 52. Bxe4 Kxe4 53.
Ke1 Kd3 54. Kd1 Bg5 55. Ng1 Ke3 56. Ke1 Bf6 57. Ne2 Kf3 58. Kf1 Ke3 59. Ke1 Be5
60. Kf1 Bc3 61. a3 Kd3 62. axb4 axb4 63. Nc1+ Kc2 64. Na2 Kxb3 65. Nxb4 Kxb4
1/2-1/2

[Event "Montmagny op"]
[Site "Montmagny CAN"]
[Date "2010.11.07"]
[Round "4"]
[White "Villeneuve, Robert"]
[Black "Schommer, Philippe"]
[Result "1/2-1/2"]
[WhiteElo "1899"]
[BlackElo "1843"]
[PlyCount "54"]
[EventDate "2010.11.05"]
[EventType "swiss"]
[EventRounds "5"]
[EventCountry "CAN"]

1. e4 d6 2. d4 Nf6 3. Nc3 Nbd7 4. f4 e5 5. Nf3 exd4 6. Nxd4 Nc5 7. Bd3 Be7 8.
O-O O-O 9. Qf3 c6 10. Kh1 Nxd3 11. cxd3 Qa5 12. Be3 Qh5 13. Qxh5 Nxh5 14. f5
Nf6 15. Rae1 Nd7 16. Nf3 Ne5 17. d4 Nxf3 18. Rxf3 b5 19. e5 dxe5 20. dxe5 g6
21. f6 Bb4 22. Bh6 Rd8 23. a3 Bf8 24. Bxf8 Kxf8 25. Ne4 h6 26. Kg1 Rd5 27. Nc3
Rd8 1/2-1/2

[Event "Montmagny op"]
[Site "Montmagny CAN"]
[Date "2010.11.07"]
[Round "5"]
[White "Drolet, Stephane"]
[Black "Bolduc, Steve"]
[Result "1/2-1/2"]
[WhiteElo "2134"]
[BlackElo "2315"]
[PlyCount "81"]
[EventDate "2010.11.05"]
[EventType "swiss"]
[EventRounds "5"]
[EventCountry "CAN"]

1. d4 Nf6 2. Nf3 e6 3. Bf4 c5 4. e3 b6 5. Nbd2 Bb7 6. Nc4 d5 7. Nce5 Bd6 8.
Bb5+ Ke7 9. Ng5 Rf8 10. c3 a6 11. Bd3 h6 12. Ngf3 Qc7 13. Bg3 c4 14. Bc2 b5 15.
Nd2 Nbd7 16. f4 Rae8 17. Bh4 Kd8 18. O-O Kc8 19. Qf3 Nb6 20. Rfc1 Kb8 21. Bg3
g6 22. a4 bxa4 23. Bxa4 Nxa4 24. Rxa4 Nd7 25. Rca1 Nb6 26. Ra5 Rg8 27. f5 gxf5
28. Rc5 Rxg3 29. Qxg3 Bxe5 30. Qxe5 Qxe5 31. dxe5 Nd7 32. Rca5 Nxe5 33. b4 cxb3
34. Nxb3 Nc4 35. R5a2 Rc8 36. Rb1 Ka7 37. Nd4 Nd6 38. Ra3 Rc5 39. Rab3 Rc7 40.
Ra1 e5 41. Nf3 1/2-1/2